Enterprise architecture as strategy: creating a foundation for business execution

সংরক্ষণ করুন:
গ্রন্থ-পঞ্জীর বিবরন
প্রধান লেখক: Ross, Jeanne W (Author), Weill, Peter (Author), Robertson, David C (Author)
বিন্যাস: গ্রন্থ
ভাষা:ইংরেজি
প্রকাশিত: Boston Harvard Business School Press 2006
সংস্করন:1a. ed
মালা:Harvard Business Review Press
বিষয়গুলি:
ট্যাগগুলো: ট্যাগ যুক্ত করুন
কোনো ট্যাগ নেই, প্রথমজন হিসাবে ট্যাগ করুন!

MARC

LEADER 00000cam a2200000 a 4500
001 UCD2846
003 CL-VaPUC
008 160512e20060000us |||||||||||||||||eng|d
020 |a 1591398398 
082 0 4 |a 658.403  |b ROS  |2 21 
100 0 |a Ross, Jeanne W  |e author  |9 586220 
700 0 |a Weill, Peter  |e author  |9 586221 
700 0 |a Robertson, David C  |e author  |9 586222 
245 1 0 |a Enterprise architecture as strategy: creating a foundation for business execution 
250 |a 1a. ed 
300 |a 234 p 
942 |c BK 
945 |d 20160512 21:36:00  |a arojas 
260 |a Boston  |b Harvard Business School Press  |c 2006 
650 0 |a Gestión industrial   |9 263790 
650 0 |a Automatización   |9 299909 
650 0 |a Tecnología de la información   |9 254825 
650 0 |a Planificación estratégica   |9 259735 
650 0 |a Gestión de la información   |9 362327 
583 |a last modification  |c 20170509 10:08:37  |k Rodrigo Vera 
490 0 |a Harvard Business Review Press 
999 |c 363957  |d 363955 
952 |0 0  |1 0  |3 erd  |4 0  |6 658_403000000000000_ROS_2006  |7 0  |8 A  |9 476833  |a BIBING  |b BIBING  |i 5286220  |o 658.403 ROS 2006  |p 5286220  |r 2025-01-20  |w 2019-11-24  |y BK  |z Catalogado en:20160512  |k EII